Dutch Provinces - Flags to Capitals - Statistics

General Stats
  • This quiz has been taken 12 times
  • The average score is 6 of 12
Answer Stats
Picture Answer % Correct
Groningen
90%
Leeuwarden
60%
Middelburg
60%
Utrecht
60%
Haarlem
50%
Lelystad
50%
Maastricht
50%
Zwolle
50%
Assen
40%
Den Haag
40%
's-Hertogenbosch | Den Bosch
40%
Arnhem
30%
No matching quizzes found
Score Distribution
Percent of People with Each Score
Percentile by Number Answered
Your Score History
You have not taken this quiz